000
00175nam a2200073Ia 4500
008
170617s9999 xx 000 0 und d
100
_a
Phipps
245
0
_a
Medical surgical Nursing
260
_b
JAYPEE BROTHERS
999
_c
12691
_d
12691